Logo BPK

Biblioteka

Politechniki Koszalińskiej

Die Hochzeit des Figaro : (Rekord nr 50559)

Szczegóły MARC
000 -ETYKIETA REKORDU
podpole kontrolne o stałej długości 00691nam a2200229 i 4500
001 - NUMER KONTROLNY REKORDU
pole kontrolne bgj
040 ## - ŹRÓDŁO KATALOGOWANIA
Instytucja, która utworzyła rekord BPK
041 0# - KOD JĘZYKA
Kod języka tekstu ger
044 ## - KOD KRAJU WYDAWCY/PRODUCENTA
Kod kraju wydawcy/producenta DEU
080 ## - UNIWERSALNA KLASYFIKACJA DZIESIĘTNA - UKD
UKD 7
008 - POLE O STAŁEJ DŁUGOŚCI - DANE KONTROLNE
podpole kontrolne o stałej długości s gw f |000 0 ger
100 1# - NAZWA OSOBOWA
Nazwa osobowa MOZART, Wolfgang Amadeus.
245 10 - TYTUŁ/ODPOWIEDZIALNOŚĆ
Tytuł Die Hochzeit des Figaro :
Ciąg dalszy tytułu komische Oper in vier Akten /
Pozostałe elementy strefy tytułu i oznaczenia odpowiedzialności Text von Lorenzo da Ponte ; deutscher Text von Karl Wolfskehl.
260 ## - STREFA ADRESU WYDAWNICZEGO
Miejsce wydania Marbach am Neckar:
Nazwa wydawcy/dystrybutora hrsg. vom Deutschen Literaturarchiv,
Data publikacji, dystrybucji/powstania dokumentu 1978.
300 ## - STREFA OPISU FIZYCZNEGO
Objętość 108 s., [6] k. :
Inne cechy fizyczne il. ;
Rozmiary 24 cm.
490 1# - STREFA SERII I DOKUMENTU WIELOCZĘŚCIOWEGO - FORMA NIE DO WYSZUKIWANIA
Tytuł i oznaczenie odpowiedzialności serii Marbacher Schriften
650 9# - HASŁO PRZEDMIOTOWE W FORMIE NAZWY OGÓLNEJ LUB JEDNOSTKOWEJ
Nazwa ogólna lub geograficzna Sztuka
700 1# - HASŁO DODATKOWE - NAZWA OSOBOWA
Nazwa osobowa PONTE, Lorenzo da.
700 1# - HASŁO DODATKOWE - NAZWA OSOBOWA
Nazwa osobowa WOLFSKEHL, Karl.
830 ## - HASŁO DODATKOWE SERII LUB DOKUMENTU WIELOCZĘŚCIOWEGO - TYTUŁ UJEDNOLICONY
Tytuł ujednolicony Marbacher Schriften
856 ## - LOKALIZACJA I DOSTĘP DO ELEKTRONICZNYCH DOKUMENTÓW ZDALNYCH
Link (URL) http://koha.tu.koszalin.pl/cgi-bin/koha/opac-detail.pl?biblionumber=50559
Tekst linku Katalog online BPK
942 ## - DODATKOWE ELEMENTY (KOHA)
Typ dokumentu Książka
Egzemplarze
Wycofany Status egzemplarza Uszkodzony Dostępność Lokalizacja stała Lokalizacja bieżąca Miejsce przechowywania Sygnatura Kod kreskowy Typ dokumentu
      Dostępny Biblioteka Politechniki Koszalińskiej Biblioteka Politechniki Koszalińskiej Wypożyczalnia Językowa N 531 02121963 Książka
© 2023 Biblioteka Politechniki Koszalińskiej :: KOHA